|
|
|
|
| LEADER |
01318nam a2200373Ia 4500 |
| 001 |
EBC589253 |
| 003 |
MiAaPQ |
| 005 |
20191030193359.0 |
| 006 |
m o d | |
| 007 |
cr cn||||||||| |
| 008 |
100619s2010 nyu s 000 0 eng d |
| 010 |
|
|
|z 2010026276
|
| 020 |
|
|
|z 9780470710401 (hardback)
|
| 020 |
|
|
|z 9780470710401
|
| 020 |
|
|
|a 9780470972335 (electronic bk.)
|
| 035 |
|
|
|a (MiAaPQ)EBC589253
|
| 035 |
|
|
|a (Au-PeEL)EBL589253
|
| 035 |
|
|
|a (CaPaEBR)ebr10419045
|
| 035 |
|
|
|a (CaONFJC)MIL278354
|
| 035 |
|
|
|a (OCoLC)669491770
|
| 040 |
|
|
|a MiAaPQ
|c MiAaPQ
|d MiAaPQ
|
| 050 |
|
4 |
|a HF5415.2
|b .P66 2010
|
| 082 |
0 |
4 |
|a 658.8/3
|2 22
|
| 100 |
1 |
|
|a Poynter, Ray.
|
| 245 |
1 |
4 |
|a The handbook of online and social media research
|h [electronic resource] :
|b tools and techniques for market researchers /
|c by Ray Poynter.
|
| 260 |
|
|
|a New York :
|b Wiley,
|c 2010.
|
| 300 |
|
|
|a xix, 441 p.
|
| 533 |
|
|
|a Electronic reproduction. Ann Arbor, MI : ProQuest, 2016. Available via World Wide Web. Access may be limited to ProQuest affiliated libraries.
|
| 650 |
|
0 |
|a Marketing research.
|
| 650 |
|
0 |
|a Social media.
|
| 650 |
|
0 |
|a Internet searching.
|
| 655 |
|
4 |
|a Electronic books.
|
| 710 |
2 |
|
|a ProQuest (Firm)
|
| 856 |
4 |
0 |
|u https://ebookcentral.proquest.com/lib/matrademy/detail.action?docID=589253
|z Click to View
|